La cosa juzgada
Gespeichert in:
| 1. Verfasser: | |
|---|---|
| Format: | Buch |
| Sprache: | Spanisch |
| Veröffentlicht: |
Barcelona
Atelier
2006
|
| Schlagworte: | |
| Tags: |
Tag hinzufügen
Keine Tags, Fügen Sie den ersten Tag hinzu!
|
MARC
| LEADER | 00000nam a2200000 a 4500 | ||
|---|---|---|---|
| 001 | UCJ0686 | ||
| 003 | CL-VaPUC | ||
| 008 | 060825e20060000SP |||||||||||||||||spa|d | ||
| 020 | |a 8496354741 | ||
| 082 | 0 | 4 | |a 347.4608 |b NIE |2 21 |
| 100 | |a Nieva Fenoll, Jordi |e autor |9 417 | ||
| 245 | 1 | 3 | |a La cosa juzgada |
| 300 | |a 309 p | ||
| 942 | |c BK | ||
| 945 | |d 20060825 00:00:00 |a jtorresc | ||
| 260 | |a Barcelona |b Atelier |c 2006 | ||
| 500 | |a www.atelierlibros.es | ||
| 650 | 0 | |a Cosa juzgada |9 255091 | |
| 650 | 0 | |a Sentencias |9 256250 | |
| 650 | 0 | |a Causa |9 328431 | |
| 650 | 0 | |a Juicio ejecutivo |9 254866 | |
| 650 | 0 | |a Procedimiento penal |9 254974 | |
| 651 | 0 | |a España |9 254926 | |
| 583 | |a last modification |c 20140408 10:48:58 |k Rodrigo Vera | ||
| 999 | |c 317449 |d 317447 | ||
| 952 | |0 0 |1 0 |4 0 |6 347_460800000000000_NIE_2006 |7 0 |8 A |9 393834 |a BIBDER |b BIBDER |d 2019-11-22 |i 4259491 |l 12 |m 1 |o 347.4608 NIE 2006 |p 4259491 |r 2025-04-28 |s 2025-04-23 |w 2019-11-22 |y BK |k DER | ||